Famous People Named Susan - Statistics

General Stats
  • This quiz has been taken 110 times
  • The average score is 5 of 16
Answer Stats
Picture Hint Answer % Correct
Actress Susan Sarandon
93%
Singer Susan Boyle
77%
Singer-songwriter Suzi Quatro
54%
Social reformer Susan B. Anthony
46%
Musician Siouxsie Sioux
41%
TV sports presenter Sue Barker
38%
Actress Susan Lucci
29%
Singer-songwriter Suzanne Vega
29%
Writer and activist Susan Sontag
26%
Actress Susan Hayward
19%
Comedian Susan Calman
18%
Actress Susan Hampshire
18%
Actress Susannah York
14%
Diplomat Susan Rice
14%
Crime writer Sue Grafton
13%
TV presenter Sue Lawley
9%
No matching quizzes found
Score Distribution
Percent of People with Each Score
Percentile by Number Answered
Your Score History
You have not taken this quiz